[Event "San Francisco Grey Memorial"]
[Site "San Francisco"]
[Date "2017.10.03"]
[Round "9"]
[White "Tracy, Joseph J"]
[Black "Yanofsky, Kevin"]
[Result "1/2-1/2"]
[WhiteElo "2025"]
[BlackElo "1664"]
[PlyCount "118"]
[EventDate "2017.08.08"]
[EventType "swiss"]
[EventRounds "9"]
[EventCountry "USA"]
[SourceTitle "EXT 2023"]
[Source "ChessBase"]
[SourceDate "2022.10.05"]
[SourceVersion "1"]
[SourceVersionDate "2022.10.05"]
[SourceQuality "1"]

1. Nf3 c5 2. g3 g6 3. Bg2 Bg7 4. 0-0 Nc6 5. c4 d6 6. Nc3 e6 7. b3 Nge7 8. Bb2 0-0 9. e4 Nd4 10. Nxd4 cxd4 11. Ne2 e5 12. d3 Rb8 13. Bc1 b5 14. Bd2 Bg4 15. h3 Be6 16. Kh2 f5 17. Ng1 Qd7 18. cxb5 Rxb5 19. Rc1 Rc8 20. Rxc8+ Qxc8 21. Qb1 h6 22. Rc1 Rc5 23. Ne2 g5 24. Bb4 Rxc1 25. Qxc1 Qxc1 26. Nxc1 Nc8 27. Bf3 Bf8 28. Kg2 Nb6 29. Ba5 Nd7 30. exf5 Bxf5 31. Bd5+ Kg7 32. g4 Bg6 33. f3 Nc5 34. Bc4 d5 35. Bxd5 Nxd3 36. Nxd3 Bxd3 37. Be4 Ba6 38. h4 gxh4 39. Bc7 Kf6 40. Kh3 Bb4 41. Bd8+ Ke6 42. Bxh4 d3 43. Bf2 d2 44. Bc2 Be2 45. Bxa7 Bxf3 46. Be3 d1Q 47. Bxd1 Bxd1 48. Bxh6 Bc2 49. Bc1 e4 50. Kg3 Bc5 51. Kf4 Bd3 52. Bd2 Kd5 53. g5 Ke6 54. b4 Bd6+ 55. Kg4 Be2+ 56. Kh4 Kf5 57. a4 Bd3 58. b5 Bc4 59. Kh5 Be2+ 1/2-1/2

[Event "San Francisco TNM Summer op"]
[Site "San Francisco"]
[Date "2017.07.11"]
[Round "7"]
[White "Tracy, Joseph J"]
[Black "Maser, Thomas F"]
[Result "1-0"]
[WhiteElo "2013"]
[BlackElo "1905"]
[PlyCount "120"]
[EventDate "2017.05.23"]
[EventType "swiss"]
[EventRounds "8"]
[EventCountry "USA"]
[SourceTitle "EXT 2023"]
[Source "ChessBase"]
[SourceDate "2022.10.05"]
[SourceVersion "1"]
[SourceVersionDate "2022.10.05"]
[SourceQuality "1"]

1. d4 Nf6 2. c4 e6 3. Nf3 c5 4. d5 exd5 5. cxd5 d6 6. Nc3 g6 7. e4 Bg7 8. Be2 0-0 9. 0-0 Bg4 10. Bf4 a6 11. a4 Bxf3 12. Bxf3 Qc7 13. Qd2 Re8 14. Rfe1 Nfd7 15. a5 Ne5 16. Be2 Nbd7 17. b3 b5 18. axb6 Qxb6 19. Reb1 Nf6 20. h3 Ned7 21. Qc2 Ne5 22. Be3 Ned7 23. Ra4 a5 24. b4 axb4 25. Raxb4 Qxb4 26. Rxb4 cxb4 27. Nb5 Nxe4 28. Qc7 Ra1+ 29. Kh2 Nec5 30. g3 Ra2 31. Bc4 Rxe3 32. Bxa2 Re2 33. Qd8+ Bf8 34. Bc4 Rxf2+ 35. Kg1 Rc2 36. Nxd6 b3 37. Qe8 b2 38. Qxf7+ Kh8 39. Ba2 Rc1+ 40. Kg2 b1Q 41. Bxb1 Rxb1 42. Nc4 Re1 43. h4 Re4 44. d6 Bh6 45. Kh3 Re6 46. g4 Rf6 47. Qd5 Bf4 48. g5 Rf5 49. Qa8+ Rf8 50. Qa1+ Kg8 51. Qd4 Bc1 52. Qd5+ Kh8 53. Ne5 Bb2 54. Nxd7 Nxd7 55. Qb7 Rf7 56. Qxb2+ Kg8 57. Qd4 Rg7 58. Qd5+ Rf7 59. Qe6 Kg7 60. Qe8 Nf8 1-0

[Event "San Francisco TNM Summer op"]
[Site "San Francisco"]
[Date "2017.06.13"]
[Round "4"]
[White "Porlares, Teodoro"]
[Black "Tracy, Joseph J"]
[Result "0-1"]
[WhiteElo "1941"]
[BlackElo "2013"]
[PlyCount "94"]
[EventDate "2017.05.23"]
[EventType "swiss"]
[EventRounds "8"]
[EventCountry "USA"]
[SourceTitle "EXT 2023"]
[Source "ChessBase"]
[SourceDate "2022.10.05"]
[SourceVersion "1"]
[SourceVersionDate "2022.10.05"]
[SourceQuality "1"]

1. e4 e5 2. Nf3 Nc6 3. Bc4 Nf6 4. d3 Bc5 5. 0-0 d6 6. h3 Be6 7. Bxe6 fxe6 8. c3 Bb6 9. b4 0-0 10. a4 a6 11. a5 Ba7 12. Na3 Qd7 13. Qe2 Nh5 14. Be3 Nf4 15. Bxf4 Rxf4 16. Nc2 Raf8 17. Rad1 Qe8 18. Nce1 Qg6 19. Kh2 Qh5 20. Rg1 g5 21. g4 Qf7 22. Rg3 h6 23. Qa2 Kg7 24. Kg2 d5 25. Qe2 Qg6 26. Qc2 Qf7 27. Rd2 Qe7 28. Qb1 Qd6 29. Re2 d4 30. c4 Nxb4 31. Rb2 Bc5 32. Rb3 b6 33. Qa1 Ra8 34. Ng1 Nc6 35. axb6 cxb6 36. Ne2 a5 37. f3 Raf8 38. Kf2 R4f7 39. Nc2 Bb4 40. Qc1 Kg6 41. Ne1 Bxe1+ 42. Qxe1 Nb4 43. Qb1 Rb8 44. Nc1 b5 45. cxb5 Rxb5 46. Na2 Rfb7 47. Ke2 Nxa2 0-1

[Event "San Francisco TNM Summer op"]
[Site "San Francisco"]
[Date "2017.06.06"]
[Round "3"]
[White "Tracy, Joseph J"]
[Black "Clemens, Kristian"]
[Result "1-0"]
[WhiteElo "2013"]
[BlackElo "1833"]
[PlyCount "103"]
[EventDate "2017.05.23"]
[EventType "swiss"]
[EventRounds "8"]
[EventCountry "USA"]
[SourceTitle "EXT 2023"]
[Source "ChessBase"]
[SourceDate "2022.10.05"]
[SourceVersion "1"]
[SourceVersionDate "2022.10.05"]
[SourceQuality "1"]

1. c4 c5 2. Nc3 Nc6 3. Nf3 Nf6 4. g3 g6 5. Bg2 Bg7 6. 0-0 0-0 7. d4 cxd4 8. Nxd4 Qb6 9. Ndb5 d6 10. Be3 Qd8 11. h3 Be6 12. Nd5 Rc8 13. Qd2 Ne5 14. b3 Nxd5 15. cxd5 Bf5 16. Nd4 Qd7 17. g4 Bxg4 18. hxg4 Qxg4 19. Rac1 h5 20. f4 Nd7 21. Rc4 Rxc4 22. bxc4 Nc5 23. Qc2 g5 24. Rf3 h4 25. Qf5 Qxf5 26. Nxf5 g4 27. Rf1 h3 28. Bh1 Kh7 29. Nxg7 Kxg7 30. Bd4+ Kg6 31. f5+ Kg5 32. f6 e5 33. Be3+ Kh4 34. Rf5 b6 35. Rf1 Rg8 36. Bf2+ g3 37. Be1 Rg4 38. Rf5 Rxc4 39. Bf3 Rg4 40. Bxg4 Kxg4 41. Rf3 Ne4 42. Ra3 a6 43. Rxa6 Nxf6 44. Rxb6 Nxd5 45. Rb3 Nf4 46. Rxg3+ Kf5 47. Rf3 Ke4 48. Rxf4+ Kxf4 49. Kh2 Ke4 50. Kxh3 Kd4 51. Kg4 d5 52. Kf5 1-0

[Event "San Francisco TNM Spring op"]
[Site "San Francisco"]
[Date "2017.05.02"]
[Round "8"]
[White "Tracy, Joseph J"]
[Black "Murray, Adam"]
[Result "1/2-1/2"]
[WhiteElo "1985"]
[BlackElo "1905"]
[PlyCount "40"]
[EventDate "2017.03.14"]
[EventType "swiss"]
[EventRounds "8"]
[EventCountry "USA"]
[SourceTitle "EXT 2023"]
[Source "ChessBase"]
[SourceDate "2022.10.05"]
[SourceVersion "1"]
[SourceVersionDate "2022.10.05"]
[SourceQuality "1"]

1. Nf3 c5 2. g3 Nc6 3. Bg2 g6 4. 0-0 Bg7 5. c4 d6 6. Nc3 h5 7. h4 Nh6 8. e4 Bg4 9. Ne2 Qd7 10. d3 0-0-0 11. Rb1 f5 12. Be3 fxe4 13. dxe4 Rdf8 14. Ng5 Qe8 15. f3 Bd7 16. a3 Nf7 17. b4 Nxg5 18. hxg5 b6 19. f4 Bg4 20. Bf3 Bxf3 1/2-1/2

[Event "San Francisco TNM Spring op"]
[Site "San Francisco"]
[Date "2017.03.14"]
[Round "1"]
[White "Eastham, Asher Dan"]
[Black "Tracy, Joseph J"]
[Result "0-1"]
[WhiteElo "1566"]
[BlackElo "1985"]
[PlyCount "118"]
[EventDate "2017.03.14"]
[EventType "swiss"]
[EventRounds "8"]
[EventCountry "USA"]
[SourceTitle "EXT 2023"]
[Source "ChessBase"]
[SourceDate "2022.10.05"]
[SourceVersion "1"]
[SourceVersionDate "2022.10.05"]
[SourceQuality "1"]

1. e4 e6 2. d4 d5 3. Nd2 Be7 4. Bd3 Nf6 5. e5 Nfd7 6. Ne2 c5 7. c3 Qb6 8. 0-0 cxd4 9. cxd4 Nc6 10. Nf3 f5 11. exf6 Nxf6 12. Re1 0-0 13. a3 Bd7 14. Nf4 Nd8 15. Ne5 Be8 16. b3 Nf7 17. Nf3 Bd7 18. Bb2 Rae8 19. Rc1 Bd6 20. Ne2 Bb5 21. Bb1 a5 22. Nc3 Bd7 23. Rc2 Qxb3 24. Ba2 Qb6 25. Rce2 Nd8 26. Qd3 Bf4 27. Bc1 Bxc1 28. Rxc1 Nf7 29. Rce1 Nd6 30. Bb1 Nde4 31. Qe3 Nxc3 32. Qxc3 Rc8 33. Qd2 Rce8 34. Re3 Re7 35. Ng5 g6 36. Bc2 Qd6 37. h3 b6 38. Rb1 a4 39. Nf3 Rc8 40. Ne5 Be8 41. Rb4 b5 42. Bd3 Qb6 43. Bc2 Qc7 44. Rb2 Kg7 45. Nd3 Ne4 46. Qb4 Rf7 47. Qe1 Qc3 48. Rxe4 dxe4 49. Qxe4 Rf6 50. Ra2 Bc6 51. Qe2 Qxd4 52. Nb4 Bd5 53. Nxd5 Qxd5 54. Bd3 Rc1+ 55. Kh2 Rc5 56. Be4 Qe5+ 57. g3 Rc4 58. Bd3 Qxe2 59. Bxe2 Rxf2+ 0-1

[Event "San Francisco TNM Winter op"]
[Site "San Francisco"]
[Date "2017.02.14"]
[Round "7"]
[White "Boldi, Ethan Vaughn"]
[Black "Tracy, Joseph J"]
[Result "0-1"]
[WhiteElo "1828"]
[BlackElo "1985"]
[PlyCount "70"]
[EventDate "2017.01.03"]
[EventType "swiss"]
[EventRounds "8"]
[EventCountry "USA"]
[SourceTitle "EXT 2018"]
[Source "ChessBase"]
[SourceDate "2017.10.13"]
[SourceVersion "1"]
[SourceVersionDate "2017.10.13"]
[SourceQuality "1"]

1. e4 e6 2. d4 d5 3. Nc3 Bb4 4. e5 b6 5. a3 Bf8 6. f4 h5 7. Nf3 Nh6 8. Bd3 Ba6 9. Be3 c5 10. h3 Bxd3 11. cxd3 Nf5 12. Qd2 Nc6 13. Ne2 h4 14. 0-0 Na5 15. Nc1 c4 16. Bf2 Be7 17. Rb1 cxd3 18. Qxd3 Qd7 19. Ne2 0-0 20. b4 Nc4 21. Nd2 Rfc8 22. Rbc1 b5 23. Rc3 a5 24. Rb1 axb4 25. axb4 Ra4 26. Rcb3 Rca8 27. Nc3 Ra3 28. Qc2 Qc6 29. Qc1 Nxd2 30. Qxd2 Rxb3 31. Rxb3 Qc4 32. Qb2 Nxd4 33. Bxd4 Qxd4+ 34. Kh2 Qxf4+ 35. Kh1 Qxe5 0-1

[Event "San Francisco TNM Winter op"]
[Site "San Francisco"]
[Date "2017.01.03"]
[Round "1"]
[White "Tracy, Joseph J"]
[Black "Brown, Nicholas"]
[Result "1-0"]
[WhiteElo "1985"]
[BlackElo "1566"]
[PlyCount "43"]
[EventDate "2017.01.03"]
[EventType "swiss"]
[EventRounds "8"]
[EventCountry "USA"]
[SourceTitle "EXT 2018"]
[Source "ChessBase"]
[SourceDate "2017.10.13"]
[SourceVersion "1"]
[SourceVersionDate "2017.10.13"]
[SourceQuality "1"]

1. d4 d5 2. c4 c6 3. Nc3 Nf6 4. Nf3 dxc4 5. a4 e6 6. e3 c5 7. Bxc4 Nbd7 8. 0-0 Be7 9. e4 0-0 10. e5 Ne8 11. a5 cxd4 12. Qxd4 Bc5 13. Qf4 Rb8 14. Ng5 g6 15. Qh4 h5 16. Qg3 Qe7 17. Nge4 Ng7 18. Bg5 Nf5 19. Qf4 Qe8 20. Rad1 Bd4 21. Bf6 Nc5 22. Rxd4 1-0

[Event "San Francisco TNM Winter op"]
[Site "San Francisco"]
[Date "2016.02.09"]
[Round "6"]
[White "Tracy, Joseph J"]
[Black "Gaffagan, Steven"]
[Result "1-0"]
[WhiteElo "2179"]
[BlackElo "2040"]
[PlyCount "102"]
[EventDate "2016.01.05"]
[EventType "swiss"]
[EventRounds "8"]
[EventCountry "USA"]
[SourceTitle "EXT 2018"]
[Source "ChessBase"]
[SourceDate "2017.10.13"]
[SourceVersion "1"]
[SourceVersionDate "2017.10.13"]
[SourceQuality "1"]

1. d4 Nf6 2. c4 g6 3. f3 Bg7 4. e4 d6 5. Nc3 0-0 6. Be3 Nc6 7. Nge2 a6 8. Qd2 Rb8 9. Rb1 Re8 10. b4 b6 11. d5 Ne5 12. Nd4 Bb7 13. Be2 c5 14. dxc6 Nxc6 15. 0-0 Nxd4 16. Bxd4 e6 17. Rfd1 Qc7 18. Rbc1 Red8 19. Qe3 Bc6 20. Nd5 Bxd5 21. cxd5 Qb7 22. Bxf6 Bxf6 23. Rc6 exd5 24. exd5 b5 25. Rdc1 Re8 26. Qd2 Qa7+ 27. Kf1 Qe7 28. g3 h5 29. R1c2 h4 30. Kg2 hxg3 31. hxg3 Rb7 32. Rxa6 Kg7 33. Rac6 Rh8 34. Rc8 Rh6 35. f4 Kh7 36. Bg4 Qe4+ 37. Bf3 Qe7 38. Qe2 Qxe2+ 39. Bxe2 Kg7 40. R8c7 Rb8 41. Rd7 Rhh8 42. Rcc7 Rhf8 43. Rxd6 Ra8 44. Rc2 Be7 45. Rd7 Bxb4 46. Bxb5 Ra3 47. Bc4 Kf6 48. Bb3 g5 49. Rc6+ Kf5 50. fxg5 Kxg5 51. d6 Ra5 1-0

[Event "San Francisco TNM Winter op"]
[Site "San Francisco"]
[Date "2016.01.19"]
[Round "3"]
[White "Newey, Richard H"]
[Black "Tracy, Joseph J"]
[Result "0-1"]
[WhiteElo "1819"]
[BlackElo "2179"]
[PlyCount "50"]
[EventDate "2016.01.05"]
[EventType "swiss"]
[EventRounds "8"]
[EventCountry "USA"]
[SourceTitle "EXT 2018"]
[Source "ChessBase"]
[SourceDate "2017.10.13"]
[SourceVersion "1"]
[SourceVersionDate "2017.10.13"]
[SourceQuality "1"]

1. e4 e6 2. d4 d5 3. Nd2 Nf6 4. e5 Nfd7 5. Bd3 c5 6. c3 Nc6 7. Ne2 f5 8. Nf3 Be7 9. 0-0 cxd4 10. cxd4 0-0 11. Bd2 Nb6 12. a3 Bd7 13. Nc3 Be8 14. Ne2 Bh5 15. Bc3 g5 16. Bc2 Nc4 17. h3 b5 18. Nh2 a5 19. g4 Bg6 20. Rb1 b4 21. Ba4 Qb6 22. Bxc6 Qxc6 23. axb4 axb4 24. Bd2 fxg4 25. Nxg4 Bxb1 0-1